| 000 | 00643nam a2200241Ia 4500 | ||
|---|---|---|---|
| 003 | OSt | ||
| 005 | 20221005083424.0 | ||
| 006 | a|||||r|||| 00| 0 | ||
| 007 | ta | ||
| 008 | 221004b |||||||| |||| 00| 0 eng d | ||
| 024 | _a34666 | ||
| 037 | _cTextual | ||
| 040 |
_aCRL _cCRL _beng |
||
| 041 |
_2eng _aeng |
||
| 082 | _aZwN10,1, M4 | ||
| 100 |
_aHardy Hardyal _9612606 |
||
| 245 | 0 |
_aStruggles and sorrows _b The personal testimony of a chief justice |
|
| 260 |
_aNew Delhi _bVikas _c1984 |
||
| 300 |
_a188p. _ccm. |
||
| 650 | _aLAW | ||
| 942 |
_hZwN10,1, M4 _cTEXL _2cc |
||
| 999 |
_c990951 _d990951 |
||